00937nam a2200253 a 450000500170000000800410001704000250005804100080008304400070009109000130009810000320011124501650014326000530030830000110036165000130037265000240038565000240040965000260043366200130045970000250047294200130049799900130051095201600052320191224041547.0140224b1979 ck ||||rm||| 00| 0 spa d aCO-BoIAVHcCO-BoIAVH aspa ack aTEb0026 aCastaño M., Olga Victoria aEstudio comparativo del comportamiento de dos especies de morrocoy, Geochelone denticulata y Geochelone carbonaria y algunos aspectos de su morfología externa aBogotábUniversidad Nacional de Colombiac1979 a118 p. aReptiles aTortugas terrestres aMorfología animal aComportamiento animal aColombia aLugo Rugeles, Myriam cTESIS2z c922d922 00102z40708TESISIINV2017aBogotabBogotad1999-01-13eFranco, Ana Maríal0oTE-0026p001281r2012-12-04 00:00:00tEj. 1w2012-12-04xDonacionyTESIS